000 00221 a2200097 4500
001 18019
100 _aImam, S M A
245 _aReflection on our moral heritage
260 _a
_bBeworth printers
_c
090 _c13323
_d13323
942 _aNUST-CAE
_cM
_c3696
999 _c253092
_d253092